|
|
|
|
| LEADER |
05868nam a22004453i 4500 |
| 001 |
EBC6871212 |
| 003 |
MiAaPQ |
| 005 |
20231204023220.0 |
| 006 |
m o d | |
| 007 |
cr cnu|||||||| |
| 008 |
231204s2022 xx o ||||0 eng d |
| 020 |
|
|
|a 9783030769703
|q (electronic bk.)
|
| 020 |
|
|
|z 9783030769697
|
| 035 |
|
|
|a (MiAaPQ)EBC6871212
|
| 035 |
|
|
|a (Au-PeEL)EBL6871212
|
| 035 |
|
|
|a (OCoLC)1295274784
|
| 040 |
|
|
|a MiAaPQ
|b eng
|e rda
|e pn
|c MiAaPQ
|d MiAaPQ
|
| 050 |
|
4 |
|a PN1-6790
|
| 082 |
0 |
|
|a 121.4
|
| 100 |
1 |
|
|a Barton, Roman Alexander.
|
| 245 |
1 |
0 |
|a Forms of List-Making :
|b Epistemic, Literary, and Visual Enumeration.
|
| 250 |
|
|
|a 1st ed.
|
| 264 |
|
1 |
|a Cham :
|b Springer International Publishing AG,
|c 2022.
|
| 264 |
|
4 |
|c ©2022.
|
| 300 |
|
|
|a 1 online resource (313 pages)
|
| 336 |
|
|
|a text
|b txt
|2 rdacontent
|
| 337 |
|
|
|a computer
|b c
|2 rdamedia
|
| 338 |
|
|
|a online resource
|b cr
|2 rdacarrier
|
| 505 |
0 |
|
|a Forms of List-Making: Epistemic, Literary, and Visual Enumeration -- Preface -- Contents -- Contents -- Notes on Contributors -- Chapter 1: Introduction: Epistemic and Artistic List-Making -- (List-)Making Knowledge -- Lists Versus Narratives -- The Visual List -- References -- Part I: (List-)Making Knowledge -- Chapter 2: Between Narrativity, Memory, and Administration: Lists in Roman Historiography -- Introduction: Lists as History, History as List -- History Without Rhetoric: The Annales Maximi (with Credits to Cicero) -- Tacitus, Hist. 1.4-11 Between Logbook and Causality -- The Sublime List of the Res Gestae Divi Augusti -- Lists as Source and Sphragis in Gregory of Tour's Historia Francorum -- Conclusion: The Social Life of Roman Historical Lists -- References -- Chapter 3: Lore and Order: Enlisting Rabbinic Epistemology -- Lists in the Making: From Ancient Practice to Modern Theory? -- Introduction to Rabbinic Sources: Background, Dating, and Characteristics -- Lists in Ancient Jewish Texts -- Recipes and Rules for a Healthy Lifestyle in Lists -- Accumulation, Structure, and Orderly Sequence -- Midrashic List-Making: Between Verse, Exegesis, and Ethical Discourse -- Conclusion: Making Lists Rabbinic-Format, Discourse, and Epistemic Values -- References -- Chapter 4: Moral Curiosity Cabinets: Listing and the Character Sketch in Addison and Steele's Periodicals -- The Will of a Virtuoso (Tatler No. 216) -- A Lady's Library Catalog (Spectator No. 37) -- Conclusion -- References -- Chapter 5: The Lists of Alexander von Humboldt: On the Epistemology of Scientific Practice -- The Epistemologist's Laughter -- The Emergence of the Humboldtian Science -- Contradictions and Weaving Flaws -- The Tableau Physique Des Andes -- References -- Part II: Lists Versus Narratives.
|
| 505 |
8 |
|
|a Chapter 6: Don't Trust the List: The Politics of Enumeration and Capitalist Discourse in the Novel -- The List as Form: Affordance and Suspicion -- Lists and Capitalist Discourse in the Novel -- Conclusion -- References -- Chapter 7: More Than a Canon: Lists of Contents in British Poetry Anthologies -- Anthologies: Joining the Parts -- Pointing the Way: Lists of Content and Reading Strategies -- Canon Narratives in the List of Contents -- The Place of the Individual Poem -- List into Poetry -- References -- Chapter 8: Aesthetic Unrest: "Howl" and the Literary List -- References -- Chapter 9: Culinary List Form in the Experimental Poetry of 1960s Finland: Literary Menus and Recipes -- Lists in the Experimental Literature of 1960s Finland -- Menus and Recipes: Four Servings -- Conclusion -- References -- Primary Sources -- Secondary Sources -- Chapter 10: Poetological Lists: Writing-Scenes in Contemporary Literature -- Lyric Poetry -- The Manifesto -- The Novel -- The Autobiography -- Conclusion -- References -- Part III: The Visual List -- Chapter 11: Between Order and Chaos: Lists in Children's Literature -- Lists Are for Learning -- Lists as Aesthetic Experiences -- Lists as Interactive Experiences -- Lists as Archives of Voracity -- Visual Lists in Picturebooks -- Lists as Reading Promotion -- Lists and Confusion -- Conclusion -- References -- Primary Sources -- Secondary Sources -- Chapter 12: Aesthetics of Enumeration: The Arma Christi in Medieval Visual Art -- Meanings -- Narration and Enumeration -- Lists and the Practice of Piety -- Organizing Visual Perception -- References -- Chapter 13: Et Cetera Photobooks? Reflections on Conceptual Documentary Photography as Visual Enumeration -- From Series to Photobook, from Photobook to Conceptual Documentary Photobook (CDP) -- The Conceptual Documentary Photobook (CDP).
|
| 505 |
8 |
|
|a Ricardo Cases, El Porqué De Las Naranjas, Mack 2014 -- Allison Stewart, Bug Out Bag: The Commodification of American Fear, Self-Published 2018 -- Stephen Gill, a Series of Disappointments, Nobody 2008 -- Et Cetera Photobook -- Horizons of Reception -- Conclusion -- References -- Correction to: Culinary List Form in the Experimental Poetry of 1960s Finland: Literary Menus and Recipes -- Correction to: -- Index.
|
| 588 |
|
|
|a Description based on publisher supplied metadata and other sources.
|
| 590 |
|
|
|a Electronic reproduction. Ann Arbor, Michigan : ProQuest Ebook Central, 2023. Available via World Wide Web. Access may be limited to ProQuest Ebook Central affiliated libraries.
|
| 655 |
|
4 |
|a Electronic books.
|
| 700 |
1 |
|
|a Böckling, Julia.
|
| 700 |
1 |
|
|a Link, Sarah.
|
| 700 |
1 |
|
|a Rüggemeier, Anne.
|
| 776 |
0 |
8 |
|i Print version:
|a Barton, Roman Alexander
|t Forms of List-Making: Epistemic, Literary, and Visual Enumeration
|d Cham : Springer International Publishing AG,c2022
|z 9783030769697
|
| 797 |
2 |
|
|a ProQuest (Firm)
|
| 856 |
4 |
0 |
|u https://ebookcentral.proquest.com/lib/matrademy/detail.action?docID=6871212
|z Click to View
|